| 000 | 01193nam a22002057a 4500 | ||
|---|---|---|---|
| 999 |
_c17360 _d17360 |
||
| 003 | AR-CdUCM | ||
| 008 | 190508b ||||| |||| 00| 0 spa d | ||
| 040 |
_aMUNICIPALIDAD PROVINCIAL DEL CUSCO _cBIBLIOTECA MUNICIPAL DEL CUSCO |
||
| 082 |
_a909.2 / _bS44 |
||
| 100 |
_aSecco Ellauri, Oscar _916085 |
||
| 245 |
_aHistoria universal : _bEdad media / |
||
| 260 |
_aBuenos Aires : _bKapelusz, _c1953. |
||
| 300 |
_a288 paginas ; _c17 cm. |
||
| 505 | _aContenido :Las invasiones bárbaras --Consecuencias de las invasiones bárbaras --El Imperio romano de oriente y la civilización bizantina --Loa árabes y la civilización musulmana --Imperio Carolingio --Las invasiones de los siglos IX y X y el feudalismo - La sociedad feudal - La iglesia en la edad media - Europa desde el siglo X al XIII: el Santo Imperio Romano Germánico --Europa desde el siglo X al XIII: Francia e Inglaterra --Europa desde el siglo X al XIII: los Reinos Ibéricos --Las cruzadas --El arte y la cultura en la edad media - El fin de la edad media / | ||
| 650 |
_aHistoria universal _91423 |
||
| 650 |
_aEdad media _9454 |
||
| 700 |
_aBaridon, Pedro Daniel _918445 |
||
| 942 |
_2ddc _cLIBROS |
||
| 945 |
_arjall _d2019-05-08 |
||